000 00397nam a22001337a 4500
003 SGT
020 _a9788126714889
082 _a320
_bB08C
100 _aचौधरी, प्रसन्न कुमार
245 _aबिहार झारखण्ड में महायुद्ध
260 _bराजकमल प्रकाशन
_c2008
300 _a461
942 _2ddc
_cBK
999 _c31880
_d31880